[Event "Torquay Morning Thynne op"]
[Site "Torquay"]
[Date "2019.09.02"]
[Round "1"]
[White "Constable, John"]
[Black "Andrews, Norman G"]
[Result "1/2-1/2"]
[WhiteElo "1513"]
[BlackElo "1618"]
[PlyCount "80"]
[EventDate "2019.09.02"]
[EventType "swiss"]
[EventRounds "5"]
[EventCountry "ENG"]
[SourceTitle "CBM 195 Extra"]
[Source "ChessBase"]
[SourceDate "2020.05.31"]
[SourceVersion "1"]
[SourceVersionDate "2020.05.31"]
[SourceQuality "1"]

1. Nf3 Nf6 2. c4 c5 3. g3 g6 4. Bg2 Bg7 5. Nc3 0-0 6. 0-0 d6 7. d4 cxd4 8. Nxd4 Nbd7 9. Bg5 h6 10. Bxf6 Nxf6 11. Nd5 Nxd5 12. Bxd5 Rb8 13. e3 Bh3 14. Bg2 Bd7 15. Rb1 Qc8 16. b3 a6 17. Qd2 Qc5 18. Ne2 b5 19. Qd5 Qxd5 20. cxd5 Rfc8 21. Rfc1 Bf5 22. e4 Bg4 23. f3 Bd7 24. Rxc8+ Rxc8 25. Rc1 b4 26. Rxc8+ Bxc8 27. Bf1 a5 28. Kf2 f5 29. Bh3 Kf7 30. Ke3 Bd7 31. exf5 gxf5 32. f4 Kg6 33. Nd4 Bxd4+ 34. Kxd4 Bb5 35. Bg2 Be2 36. Bh1 h5 37. Ke3 Ba6 38. Bf3 Bb7 39. Kd4 Ba6 40. Ke3 Bb7 1/2-1/2

[Event "Dyfed op 48th"]
[Site "Fishguard"]
[Date "2019.02.22"]
[Round "1.15"]
[White "May, Adam John"]
[Black "Andrews, Norman G"]
[Result "1/2-1/2"]
[WhiteElo "1906"]
[BlackElo "1605"]
[PlyCount "87"]
[EventDate "2019.02.22"]
[EventType "swiss"]
[EventRounds "5"]
[EventCountry "WLS"]
[SourceTitle "EXT 2020"]
[Source "ChessBase"]
[SourceDate "2019.10.17"]
[SourceVersion "1"]
[SourceVersionDate "2019.10.17"]
[SourceQuality "1"]

1. c4 c5 2. g3 Nf6 3. Bg2 e6 4. Nf3 d5 5. 0-0 Be7 6. b3 0-0 7. Bb2 Nc6 8. e3 Qc7 9. Nc3 Rd8 10. cxd5 exd5 11. d4 cxd4 12. Nxd4 Nxd4 13. exd4 Bg4 14. Qd3 Qd7 15. Rfe1 Bb4 16. Re5 Bxc3 17. Bxc3 Re8 18. Rae1 Rxe5 19. dxe5 Ne8 20. Qxd5 Qxd5 21. Bxd5 Rc8 22. Bb4 b6 23. Be4 g6 24. Kg2 Ng7 25. h3 Be6 26. Rd1 Nf5 27. g4 Nh4+ 28. Kg3 g5 29. Be7 h6 30. Bf6 Ng6 31. Bf5 Nf4 32. Rd2 Rc3+ 33. f3 Bd5 34. Be4 Bxe4 35. Rd8+ Kh7 36. Rh8+ Kg6 37. Rg8+ Kh7 38. Rg7+ Kh8 39. Rxg5+ Kh7 40. Rg7+ Kh8 41. Kxf4 Bd5 42. Rg6+ Kh7 43. Rg7+ Kh8 44. Rg6+ 1/2-1/2

[Event "Dyfed op 47th"]
[Site "Fishguard"]
[Date "2018.02.16"]
[Round "1"]
[White "May, Adam John"]
[Black "Andrews, Norman G"]
[Result "1-0"]
[WhiteElo "1951"]
[BlackElo "1642"]
[PlyCount "83"]
[EventDate "2018.02.16"]
[EventType "swiss"]
[EventRounds "5"]
[EventCountry "WLS"]
[SourceTitle "EXT 2020"]
[Source "ChessBase"]
[SourceDate "2019.10.17"]
[SourceVersion "1"]
[SourceVersionDate "2019.10.17"]
[SourceQuality "1"]

1. c4 Nf6 2. g3 e6 3. Bg2 d5 4. Nf3 c6 5. 0-0 Bd6 6. d4 0-0 7. Nc3 dxc4 8. Nd2 Nd5 9. Nxc4 Nxc3 10. bxc3 Bc7 11. a4 a5 12. e4 Nd7 13. e5 Nb6 14. Nd2 f5 15. exf6 Qxf6 16. Ne4 Qg6 17. Ng5 Qf6 18. Be4 g6 19. Bd3 Nd5 20. Qc2 Ne7 21. Ne4 Qg7 22. Ba3 b6 23. Rfe1 Bd7 24. Rab1 Nc8 25. Bxf8 Qxf8 26. Bc4 Ne7 27. Qd2 Nd5 28. Qg5 Bd8 29. Qd2 Bc7 30. Ng5 Re8 31. Re2 Qh6 32. Rbe1 Nxc3 33. Qxc3 Qxg5 34. Bxe6+ Rxe6 35. Rxe6 Bxe6 36. Rxe6 Qg4 37. Qc4 Kf8 38. Rf6+ Ke7 39. Qf7+ Kd8 40. Qf8+ Kd7 41. Rf7+ Ke6 42. Qc8+ 1-0

[Event "BCF-chT3N 1718 (4NCL)"]
[Site "England"]
[Date "2018.01.13"]
[Round "3.56"]
[White "Andrews, Norman G"]
[Black "Nicholson, Jim WR"]
[Result "0-1"]
[WhiteElo "1636"]
[BlackElo "1985"]
[PlyCount "72"]
[EventDate "2017.11.11"]
[EventType "team-swiss"]
[EventRounds "11"]
[EventCountry "ENG"]
[SourceTitle "EXT 2020"]
[Source "ChessBase"]
[SourceDate "2019.10.17"]
[SourceVersion "1"]
[SourceVersionDate "2019.10.17"]
[SourceQuality "1"]
[WhiteTeam "Jorvik"]
[BlackTeam "Bradford DCA Knights"]
[WhiteTeamCountry "ENG"]
[BlackTeamCountry "ENG"]

1. Nf3 Nf6 2. d4 d5 3. g3 c6 4. Bg2 g6 5. 0-0 Bg7 6. c4 0-0 7. cxd5 Nxd5 8. e4 Nf6 9. Nc3 Bg4 10. Qb3 Qb6 11. Qxb6 axb6 12. Be3 b5 13. Ne5 b4 14. Nd1 Be6 15. Nd3 Bc4 16. Nxb4 Bxf1 17. Kxf1 Ng4 18. Ke2 Nxe3 19. fxe3 Na6 20. Nd3 e6 21. Nc3 Nc7 22. Nc5 Ra7 23. e5 Rd8 24. N3e4 Bf8 25. Nd7 Be7 26. Ndf6+ Kg7 27. a3 Nd5 28. Rf1 h6 29. h4 Ra6 30. Ng4 Rb6 31. b4 Ra6 32. Rb1 Rxa3 33. b5 c5 34. dxc5 Bxc5 35. Rc1 Bxe3 36. Nd6 Bxc1 0-1

[Event "BCF-chT3N 1617 (4NCL)"]
[Site "England"]
[Date "2017.04.29"]
[Round "9.46"]
[White "Andrews, Norman G"]
[Black "Norris, Michael J"]
[Result "1-0"]
[WhiteElo "1562"]
[BlackElo "1690"]
[PlyCount "89"]
[EventDate "2016.11.26"]
[EventType "team-swiss"]
[EventRounds "11"]
[EventCountry "ENG"]
[SourceTitle "EXT 2019"]
[Source "ChessBase"]
[SourceDate "2018.10.10"]
[SourceVersion "1"]
[SourceVersionDate "2018.10.10"]
[SourceQuality "1"]
[WhiteTeam "Jorvik"]
[BlackTeam "Manchester Manticores IV"]
[WhiteTeamCountry "ENG"]
[BlackTeamCountry "ENG"]

1. e4 e5 2. Nf3 Nf6 3. Nxe5 d6 4. Nf3 Nxe4 5. Nc3 Nf6 6. d4 Be7 7. Bd3 Bg4 8. 0-0 0-0 9. Re1 Nbd7 10. h3 Bh5 11. Ne4 d5 12. Ng3 Bg6 13. Nf5 Bxf5 14. Bxf5 h6 15. Ne5 Nb6 16. Re3 Qd6 17. Qd3 Ne4 18. Bxe4 dxe4 19. Rxe4 Bf6 20. Bf4 Bxe5 21. Bxe5 Qc6 22. Rae1 Nc4 23. b3 Nxe5 24. Rxe5 Rfe8 25. c4 Rxe5 26. Rxe5 Rd8 27. d5 Qf6 28. Qe3 b6 29. b4 a5 30. bxa5 bxa5 31. g3 g5 32. Qe4 Kg7 33. Kg2 Rb8 34. Rf5 Qd6 35. Qd4+ f6 36. c5 Qf8 37. d6 cxd6 38. cxd6 Rb4 39. Qd5 Qd8 40. Rf3 Rb8 41. Re3 Qf8 42. Re7+ Kg6 43. g4 f5 44. Qe6+ Qf6 45. gxf5+ 1-0

[Event "BCF-chT3N 1617 (4NCL)"]
[Site "England"]
[Date "2017.02.11"]
[Round "5.56"]
[White "Graham, Neil"]
[Black "Andrews, Norman G"]
[Result "1-0"]
[WhiteElo "1814"]
[BlackElo "1578"]
[PlyCount "59"]
[EventDate "2016.11.26"]
[EventType "team-swiss"]
[EventRounds "11"]
[EventCountry "ENG"]
[SourceTitle "EXT 2019"]
[Source "ChessBase"]
[SourceDate "2018.10.10"]
[SourceVersion "1"]
[SourceVersionDate "2018.10.10"]
[SourceQuality "1"]
[WhiteTeam "Ashfield Breadsall II"]
[BlackTeam "Jorvik"]
[WhiteTeamCountry "ENG"]
[BlackTeamCountry "ENG"]

1. d4 Nf6 2. f3 e6 3. e4 b6 4. e5 Ng8 5. Be3 Ne7 6. Bd3 Nf5 7. Bf2 Bb7 8. Ne2 Be7 9. Ng3 Nh4 10. Rg1 0-0 11. Nd2 d5 12. Qe2 Nc6 13. c3 Ng6 14. Be3 a5 15. f4 Bh4 16. 0-0-0 Qc8 17. Qh5 Be7 18. f5 exf5 19. Nxf5 Ba6 20. Bc2 b5 21. Bh6 b4 22. Bxg7 bxc3 23. bxc3 Ba3+ 24. Kb1 Rb8+ 25. Nb3 a4 26. Bf6 Qxf5 27. Bxf5 axb3 28. Ka1 Bc4 29. Qh6 b2+ 30. Kb1 1-0

[Event "BCF-chT3N 1617 (4NCL)"]
[Site "England"]
[Date "2016.11.26"]
[Round "1.76"]
[White "Andrews, Norman G"]
[Black "Hamer, Martyn"]
[Result "1/2-1/2"]
[WhiteElo "1561"]
[BlackElo "2050"]
[PlyCount "98"]
[EventDate "2016.11.26"]
[EventType "team-swiss"]
[EventRounds "11"]
[EventCountry "ENG"]
[SourceTitle "EXT 2019"]
[Source "ChessBase"]
[SourceDate "2018.10.10"]
[SourceVersion "1"]
[SourceVersionDate "2018.10.10"]
[SourceQuality "1"]
[WhiteTeam "Jorvik"]
[BlackTeam "Manchester Manticores"]
[WhiteTeamCountry "ENG"]
[BlackTeamCountry "ENG"]

1. d4 Nf6 2. c4 g6 3. Nc3 Bg7 4. e4 d6 5. Nf3 0-0 6. Be2 e5 7. dxe5 dxe5 8. Qxd8 Rxd8 9. Bg5 Re8 10. h3 c6 11. 0-0 Na6 12. Rad1 Nc5 13. Bxf6 Bxf6 14. Rd2 Ne6 15. Rfd1 Nd4 16. b3 b6 17. Rd3 Bb7 18. Bf1 Rad8 19. Nh2 Rd7 20. Kh1 Red8 21. Ng4 Bg7 22. R3d2 f6 23. Ne2 Kf7 24. Nc3 f5 25. Nh2 Bf8 26. Nf3 Ke6 27. exf5+ gxf5 28. Nxd4+ exd4 29. Ne2 c5 30. Nf4+ Kf7 31. Nd3 Re8 32. Re2 Rde7 33. Rxe7+ Rxe7 34. Kg1 Kf6 35. f4 Re3 36. Kf2 Bd6 37. Re1 Rxe1 38. Kxe1 Bc6 39. g3 a6 40. Kf2 b5 41. Bg2 Be4 42. Nc1 Bc7 43. Bf1 Bc6 44. Nd3 Bd6 45. Nc1 bxc4 46. bxc4 a5 47. a3 Ke6 48. Bd3 Be4 49. Bf1 Bc6 1/2-1/2

[Event "BCF-chT3Nd 1516 (4NCL)"]
[Site "England"]
[Date "2016.05.02"]
[Round "11.130"]
[White "Blackburn, Sandra G"]
[Black "Andrews, Norman G"]
[Result "1/2-1/2"]
[WhiteElo "1585"]
[BlackElo "1582"]
[PlyCount "101"]
[EventDate "2016.03.20"]
[EventType "team-swiss"]
[EventRounds "11"]
[EventCountry "ENG"]
[SourceTitle "EXT 2017"]
[Source "ChessBase"]
[SourceDate "2016.10.25"]
[SourceVersion "1"]
[SourceVersionDate "2016.10.25"]
[SourceQuality "1"]
[WhiteTeam "Cheddleton III"]
[BlackTeam "Jorvik"]
[WhiteTeamCountry "ENG"]
[BlackTeamCountry "ENG"]

1. d4 Nf6 2. Nf3 e6 3. Bg5 d5 4. e3 h6 5. Bh4 Be7 6. Bd3 Nbd7 7. Nbd2 c5 8. c3 b6 9. 0-0 Bb7 10. Re1 Qc8 11. h3 Bd6 12. e4 dxe4 13. Nxe4 Nxe4 14. Bxe4 Bxe4 15. Rxe4 g5 16. Bg3 Bxg3 17. fxg3 0-0 18. Ne5 Nxe5 19. Rxe5 f6 20. Re2 Qc6 21. Qc2 Kg7 22. Rae1 Rfe8 23. Qe4 Qc7 24. g4 cxd4 25. Qxd4 Rad8 26. Qb4 Rd6 27. Re4 e5 28. Rc4 Qd7 29. Rce4 Rd8 30. R4e2 Rd1 31. Qe4 Qd3 32. Qxd3 R1xd3 33. Kf2 Kf7 34. Re4 Ke6 35. Rc4 R3d7 36. Rc6+ Rd6 37. Rc7 R8d7 38. Rc8 Kf7 39. Rh8 Kg7 40. Rb8 Kg6 41. Rg8+ Rg7 42. Rxg7+ Kxg7 43. Re2 b5 44. Ke3 Kf7 45. Ke4 Ke6 46. a3 a6 47. Rc2 Rd7 48. Rf2 Rd6 49. Rc2 Rd5 50. Rf2 Rd6 51. Rc2 1/2-1/2

[Event "Wetherby 4NCL op-B 6th"]
[Site "Wetherby"]
[Date "2016.01.10"]
[Round "4"]
[White "Moreby, Kurt E"]
[Black "Andrews, Norman G"]
[Result "1/2-1/2"]
[WhiteElo "1742"]
[BlackElo "1563"]
[PlyCount "57"]
[EventDate "2016.01.08"]
[EventType "swiss"]
[EventRounds "5"]
[EventCountry "ENG"]
[SourceTitle "CBM 170 Extra"]
[Source "ChessBase"]
[SourceDate "2016.02.25"]
[SourceVersion "1"]
[SourceVersionDate "2016.02.25"]
[SourceQuality "1"]

1. c4 Nf6 2. Nc3 e6 3. e4 d6 4. d4 b6 5. f3 Bb7 6. Be3 Be7 7. Qd2 0-0 8. Bd3 e5 9. d5 Nbd7 10. Nge2 Re8 11. 0-0 Nc5 12. Bc2 a5 13. h3 Ba6 14. b3 Bc8 15. f4 exf4 16. Bxf4 Nfd7 17. Nd4 Ne5 18. Bxe5 dxe5 19. Nc6 Bg5 20. Qe2 Qd7 21. Rf3 Bb7 22. Raf1 f6 23. Qf2 Bxc6 24. dxc6 Qd4 25. Qxd4 exd4 26. Nd5 Rac8 27. Rd1 Nxe4 28. Rxd4 Nd6 29. Rd1 1/2-1/2

[Event "Dundee & Angus Major"]
[Site "Dundee"]
[Date "2015.10.10"]
[Round "3"]
[White "Depasquale, Duncan"]
[Black "Andrews, Norman G"]
[Result "1/2-1/2"]
[WhiteElo "1140"]
[BlackElo "1545"]
[PlyCount "39"]
[EventDate "2015.10.09"]
[EventType "swiss"]
[EventRounds "5"]
[EventCountry "SCO"]
[SourceTitle "EXT 2023"]
[Source "ChessBase"]
[SourceDate "2022.10.05"]
[SourceVersion "1"]
[SourceVersionDate "2022.10.05"]
[SourceQuality "1"]

1. d4 Nf6 2. c4 e6 3. Nc3 Bb4 4. Bd2 0-0 5. Nf3 b6 6. g3 Bb7 7. Bg2 d5 8. cxd5 Bxc3 9. Bxc3 exd5 10. 0-0 Re8 11. Re1 Ne4 12. Ne5 Nxc3 13. bxc3 Nd7 14. Nxd7 Qxd7 15. Qd3 Re7 16. e4 dxe4 17. Bxe4 Bxe4 18. Rxe4 Rxe4 19. Qxe4 Re8 20. Qd3 1/2-1/2

[Event "BCF-chT3 1415 (4NCL)"]
[Site "England"]
[Date "2015.05.04"]
[Round "11.229"]
[White "Andrews, Norman G"]
[Black "Griffiths, Hywel"]
[Result "0-1"]
[WhiteElo "1780"]
[BlackElo "1802"]
[PlyCount "27"]
[EventDate "2015.03.21"]
[EventType "team-swiss"]
[EventRounds "11"]
[EventCountry "ENG"]
[SourceTitle "EXT 2016"]
[Source "ChessBase"]
[SourceDate "2015.10.08"]
[SourceVersion "1"]
[SourceVersionDate "2015.10.08"]
[SourceQuality "1"]
[WhiteTeam "Jorvik"]
[BlackTeam "West is Best II"]
[WhiteTeamCountry "ENG"]
[BlackTeamCountry "ENG"]

1. e4 c5 2. Nf3 g6 3. d4 cxd4 4. Nxd4 Bg7 5. Nc3 Nc6 6. Be3 Nf6 7. Bc4 0-0 8. 0-0 d6 9. f3 Qb6 10. Re1 Nxe4 11. Nxc6 Qxc6 12. Bd5 Nxc3 13. Bxc6 Nxd1 14. Bxb7 0-1